A tömeg leple alatt [vezércikk]
Elmentve itt :
| Dokumentumtípus: | Cikk |
|---|---|
| Megjelent: |
1956-12-08
|
| Sorozat: | Délmagyarország
|
| Kulcsszavak: | Horthy Miklós, Politikai élet Szeged 1956 |
| Online Access: | http://dmarchiv.bibl.u-szeged.hu/78648 |
| LEADER | 00424nab a2200145 i 4500 | ||
|---|---|---|---|
| 001 | delm78648 | ||
| 005 | 20180928084352.0 | ||
| 008 | 180928s1956 hu o 0|| hun d | ||
| 040 | |a SZTE Délmagyarország Archívum |b hun | ||
| 041 | |a hun | ||
| 245 | 0 | 2 | |a A tömeg leple alatt |h [elektronikus dokumentum] : |b [vezércikk] |
| 260 | |c 1956-12-08 | ||
| 300 | |a 1 | ||
| 490 | 0 | |a Délmagyarország | |
| 695 | |a Horthy Miklós, Politikai élet Szeged 1956 | ||